000 02417nas a2200301 a 4500
001 000919489
003 AM-YEHGA
005 20250805111843.0
008 140619c1957 le |||pd|| || ||arm||
040 _aAM-YEHGA
041 0 _aarm
245 0 0 _aԽօսնակ :
_bՊաշտօնաթերթ Հ. Բ. Ը. Միութեան եւ Հ. Ե. Ընկերակցութեան Լիբանանի շրջանակի /
_cԽմբ.՝ Ա. Մակարեան, Պ. Աղպաշեան.
246 3 _aԽոսնակ :
246 1 5 _aKhosnag /
260 _aՊէյրութ :
_bտպ. Շիրակ,
_c1957-2008;
260 _aԱնթիլիաս,
_c2008-.
270 _aՆամակատուփ 402, Անթիլիաս
_kՀեռ. 01-254324 01-254323
300 _aՀամար ;
_bնկ. ;
_c28 x 19 սմ.
362 0 _a1957-.
500 _aԵնթավերնագրեր՝ Պաշտօնաթերթ Հ.Բ.Ը. միութեան Լիբանանի շրջանակային հանձնաժողովի եւ հայ երիտասարդաց ընկերակցութեան Պաշտօնաթերթ Հ.Բ.Ը. միութեան եւ Հ.Ե. ընկերակցութեան Լիբանանի շրջանակի Խմբագիրներ՝ Սարգիս Մինասեան Գ. Քյոսեյեան Գէորգ Քէշիշեան Յակոբ Թորոսեան Երվ. Պապայեան Տիար Լեւոն Վարդանի Պարոյր Աղպաշեան Արամ Սէփէրճեան Համբիկ Մարտիրոսեան Տպարաններ՝ Սեւան Աթլաս Արազ Զարթօնք Սիփան Կայքէջ՝ http://khosnag.org/issues.html (Վերջին դիտում՝ 03.10.2019թ.):
525 _aՀավելված՝ Փշապսակ: Երգիծաթերթ Հ.Ե. ընկերակցութեան ասպետներու, 1968 (ՀԱԳ բացակա) / տե՛ս Դանիէլեան Ժ. Ակնարկ լիբանանահայ մամուլի պատմութեան, Հայկազեան հայագիտական հանդէս, 1973, հ. Դ, էջ 255 http://tert.nla.am/archive/NLA%20AMSAGIR/Haigazean/D.pdf
610 2 4 _aՀայկական բարեգործական ընդհանուր միութիւն
_94893
650 4 _aՀայեր
_zԼիբանան
_vՊարբերականներ
655 7 _aԱմսագրեր
700 1 _aՄակարեան, Ասատուր
_eԽմբ.
_4edt
700 1 _aԱղպաշեան, Պարոյր Յովհաննէսի,
_eխմբ.
_4edt
_d1945-
942 _cCR
_2udc
999 _c535654
_d535654